24 Grey Movie Posters Quiz Stats

Quiz Updated Dec 9, 2017

Challenge
Share
Tweet
Score 0/24 Timer 06:00
17 Plays Today
Hint Answer % Correct
Jurassic Park III
94.5%
Pirates of the Caribbean: At World's End
87.3%
Big Hero 6
78.8%
Diary of a Wimpy Kid 2
72.1%
American Sniper
71.2%
Interstellar
66.4%
The Expendables
64.5%
The Cabin in the Woods
63.5%
The Girl With the Dragon Tattoo
60.8%
Frankenweenie
59.8%
Straight Outta Compton
59.1%
Now You See Me
56.5%
Hint Answer % Correct
Dirty Grandpa
35.5%
Star Trek (2009)
32.1%
The Hurt Locker
28.9%
The Adjustment Bureau
28.7%
What Lies Beneath
27.2%
Midnight Cowboy
26.1%
Soul Surfer
25.5%
Eraser
21.4%
The Sitter
16.7%
Contraband
5.8%
Control
3.9%
Why Did I Get Married Too?
1.8%

You're not logged in!

Compare scores with friends on all Sporcle quizzes.
Sign Up with Email
OR
Log In

You Might Also Like...

Show Comments

Extras

Top Quizzes Today


Score Distribution

Your Account Isn't Verified!

In order to create a playlist on Sporcle, you need to verify the email address you used during registration. Go to your Sporcle Settings to finish the process.